Politics of culture: (Record no. 179568)

MARC details
000 -LEADER
fixed length control field 00714nam a22002057a 4500
005 - DATE AND TIME OF LATEST TRANSACTION
control field 20210622154713.0
010 ## - LCCN (DPL NO)
LC control number B-740268
020 ## - INTERNATIONAL STANDARD BOOK NUMBER
International Standard Book Number 9788125016939
Terms of availability 235.00
035 ## - SYSTEM CONTROL NUMBER
System control number B-740268
037 ## - SOURCE OF ACQUISITION
Source of stock number/acquisition Gift
082 ## - DEWEY DECIMAL CLASSIFICATION NUMBER
Classification number 305.891495
100 ## - MAIN ENTRY--PERSONAL NAME
Personal name Subba, T. B.
245 ## - TITLE STATEMENT
Title Politics of culture:
Remainder of title a study of three Kirata communities in the eastern Himalayas /
Statement of responsibility, etc by T. B. Subba
260 ## - PUBLICATION, DISTRIBUTION, ETC. (IMPRINT)
Place of publication, distribution, etc Hyderabad
Name of publisher, distributor, etc Orient Longman
Date of publication, distribution, etc 2001
270 ## - ADDRESS
Address 3-6-272, Himayatnagar
City Hyderabad
Postal code 500029
300 ## - PHYSICAL DESCRIPTION
Extent xiv, 154p.
Dimensions 21cm(pbk)
500 ## - GENERAL NOTE
General note include bibliographical references and index
942 ## - ADDED ENTRY ELEMENTS (KOHA)
Source of classification or shelving scheme Dewey Decimal Classification
Item type English Books
Classification part 305.891495
Call number suffix BHA
Holdings
Withdrawn status Lost status Not for loan Collection code Home library Current library Date acquired Source of acquisition Cost, normal purchase price Full call number Barcode Copy number Cost, replacement price Koha item type Public note
      Non-fiction Kadipur Kadipur 22/06/2021 Gift/Eng/02-06-2021 235.00 305.891495 BHA B-740268 1 235.00 English Books Gift

© Delhi Public Library
Hit Counter
free hit counter